| 000 | 00394nam a2200169Ia 4500 | ||
|---|---|---|---|
| 001 | 5894 | ||
| 003 | IN-NITTTR | ||
| 005 | 20251114233013.0 | ||
| 008 | 251113s9999||||xx |||||||||||||| ||eng|| | ||
| 040 | _beng | ||
| 040 | _cIN-NITTTR | ||
| 041 | _aeng | ||
| 082 | _a370 A17M | ||
| 100 | _aAdams, John | ||
| 245 | 0 |
_aModern developments in educational practice. / _cAdams, John |
|
| 942 |
_2ddc _cBK |
||
| 999 |
_c8531 _d8531 |
||